| 000 | 01190nac a22003011u 4500 | ||
|---|---|---|---|
| 020 | _a0273615912 : | ||
| 020 | _a9780273615910 : | ||
| 082 |
_a658.4038011 21 _bROB |
||
| 090 |
_c8961 _d8961 |
||
| 100 | _aRobson, Wendy. | ||
| 245 | 1 | 0 |
_aStrategic management and information systems : an integrated approach / _cWendy Robson. |
| 246 | 3 | 8 | _aStrategic management & information systems |
| 250 | _a2nd ed. | ||
| 260 |
_aLondon : _bPitman Publishing,1997. _cc1997. |
||
| 300 |
_axvi, 575 p. : _bill. ; _c25 cm. |
||
| 500 | _aFirst published in Great Britain in 1994. | ||
| 500 | _aDistributer: Bacca | ||
| 504 | _aIncludes bibliographical references and index. | ||
| 511 | _aCatalogued by: Sara | ||
| 650 | 0 |
_aStrategic planning _xData processing. |
|
| 650 | 0 |
_aManagement _xData processing. |
|
| 650 | 0 |
_aInformation technology _xManagement. |
|
| 650 | 0 | _aManagement information systems | |
| 650 | 0 | _aInformation technology--Management | |
| 942 |
_cTB _k658.4038011 21 ROB |
||
| 999 |
_c8961 _d8961 |
||